000 00650nam a2200193Ia 4500
999 _c56037
_d56037
003 GCL
005 20240530105433.0
008 140319s9999 xx 000 0 ara d
040 _aGCL /
_cGCL
082 0 4 _a152
_bع م
100 _aعلاء طاهر
245 1 0 _aمدرسة فرانكفورت من هوركهايمر الى هابرماز : مدخل الى نظرية النقد المعاصرة
_cعلاء طاهر
260 _a[S.N] :
_bمركز الانماء القومى
300 _a113 ص
650 0 4 _aالفلسفة
650 0 4 _aعلم النفس الاجتماعى
650 0 4 _aالفلسفة الغربية
942 _2ddc
_cBK